| 000 | 00937nam a2200265Ia 4500 | ||
|---|---|---|---|
| 999 |
_c36032 _d36032 |
||
| 001 | 1931 | ||
| 003 | GE_BSU | ||
| 005 | 20221011144230.0 | ||
| 008 | 181216s2007ru xx |||||||||||||| ||rus|| | ||
| 020 | _a9785482015551 | ||
| 040 | _cGE_BSU | ||
| 041 | _arus | ||
| 080 | _a342.4)1-87)(075) А-45 | ||
| 100 |
_aАлебастрова,И.А. _915240 |
||
| 245 |
_aКонституционое право зарубежных стран / _cИ.А. Алебастрова. |
||
| 245 | _bУчебник. 2- изд. перераб. и доп. | ||
| 260 | _aМосква | ||
| 260 | _bПроспект, | ||
| 260 | _c2007 | ||
| 300 |
_a624 с. ; _b 21 см. |
||
| 653 | _aКонституционое право зарубежных стран | ||
| 653 | _aუცხო ქვეყნების კონსტიტუციური სამართალი | ||
| 653 | _aსამართალი | ||
| 942 |
_cBK _2udc |
||